ბათუმის შოთა რუსთაველის სახელმწიფო უნივერსიტეტის ბიბლიოთეკა

მექანიზმებისა და მანქანების თეორია (ბიბ.ჩანაწერი № 35311)

000 -LEADER
fixed length control field 00831nam a2200205Ia 4500
001 - CONTROL NUMBER
control field 1162
003 - CONTROL NUMBER IDENTIFIER
control field GE_BSU
008 - FIXED-LENGTH DATA ELEMENTS--GENERAL INFORMATION
fixed length control field 181216s||||||||xx |||||||||||||| ||und||
040 ## - CATALOGING SOURCE
Transcribing agency GE_BSU
080 ## - UNIVERSAL DECIMAL CLASSIFICATION NUMBER
Universal Decimal Classification number 621.01(075.8)
100 ## - MAIN ENTRY--PERSONAL NAME
Personal name დარჩიაშვილი, გ. ნადირაშვილი, ჯ.
245 ## - TITLE STATEMENT
Title მექანიზმებისა და მანქანების თეორია
245 ## - TITLE STATEMENT
Remainder of title მოკლე კურსი საინჟინრო დარგის ბაკალავრების მოსამზადებლად
260 ## - PUBLICATION, DISTRIBUTION, ETC.
Place of publication, distribution, etc. თბილისი
260 ## - PUBLICATION, DISTRIBUTION, ETC.
Date of publication, distribution, etc. 1998
300 ## - PHYSICAL DESCRIPTION
Extent 127 გვ, 20სმ.
653 ## - INDEX TERM--UNCONTROLLED
Uncontrolled term მექანიზმებისა და მანქანების თეორია
942 ## - ADDED ENTRY ELEMENTS (KOHA)
Koha item type წიგნი
ეგზემპლარები
Withdrawn status Lost status Damaged status Not for loan Date acquired Barcode Date last seen Price effective from Koha item type
        2018-12-17 2837 2018-12-17 2018-12-17 წიგნი